Business Statistics Communication with Number (Record no. 493230)

MARC details
000 -LEADER
fixed length control field 00550nam a2200205Ia 4500
008 - FIXED-LENGTH DATA ELEMENTS--GENERAL INFORMATION
fixed length control field 210417s9999 xx 000 0 und d
020 ## - INTERNATIONAL STANDARD BOOK NUMBER
International Standard Book Number 9781259251061
-- 1259251063
082 ## - DEWEY DECIMAL CLASSIFICATION NUMBER
Classification number 650.0151 JAG
Item number 22.650.0151 JAG
245 #0 - TITLE STATEMENT
Title Business Statistics Communication with Number
Statement of responsibility, etc. Business Statistics Communication with Number
250 ## - EDITION STATEMENT
Edition statement 2
Remainder of edition statement "xxxii .800 ,; pbk"
260 ## - PUBLICATION, DISTRIBUTION, ETC.
Place of publication, distribution, etc. New York
Name of publisher, distributor, etc. McGraw-Hill Education
Date of publication, distribution, etc. 2015
700 ## - ADDED ENTRY--PERSONAL NAME
Personal name NULL
Numeration Sanjiv Jagga and Kelly
Holdings
Withdrawn status Lost status Source of classification or shelving scheme Damaged status Not for loan Home library Current library Shelving location Date acquired Total Checkouts Full call number Barcode Date last seen Price effective from Koha item type
    Dewey Decimal Classification     Anna Centenary Library Anna Centenary Library 6TH FLOOR, A WING 17.04.2021   650.0151 JAG 614627 17.04.2021 17.04.2021 Books

Find us on the map